000 00594nam a2200145Ia 4500
008 140724s9999 xx 000 0 und d
050 _aPN 4877
_b.V718 2010
100 _aVillanueva, Maria Christina Sophia B.
245 _aInfluence of candy, meg and seventeen magazines on the lifestyle of selected female high school students on Las Piñas City /
_cVillanueva, Maria Christina Sophia B.
260 _aLas Piñas, Philippines :
_bSouthville International School and Colleges,
_cc2010.
300 _a72 p. :
_bill. ;
_c28 cm.
521 _aMass Communication
942 _cTH
999 _c228937
_d228937